000
00374nam a22001577a 4500
003
MPLRDC
005
20220104142514.0
008
210129b ||||| |||| 00| 0 eng d
082
_a
414.31 ZY v.3
100
_a
钟庸
245
_a
食疗药物. 第三集
_c
260
_a
_b
香港得利书局
_c
1973
300
_b
平
650
_a
中药材
942
_c
BK
_o
414.31 ZY v.3
999
_c
31425
_d
31415